000 00969nam a22003017a 4500
001 0000892
003 KOHA_MİRAKIL
005 20260207001223.0
007 ta
008 081212b2001 tu |||grd|||#0|||0|tur |
020 _a9754712034
_cYTL16,335
040 _aTR-BiSEU
_btur
_cTR-BiSEU
_erda
041 0 _atur
044 _ctu
050 _aG155
_b.I54 2001
245 1 _aİngilizce turizm terimleri sözlüğü /
_chazırlayan Şükrü Meriç, Gordon Jones, Ali Bayram, Zafer Ulusoy.
264 1 _aİstanbul :
_bFono Açıköğretim Kurumu Yayınları
_c2001
300 _a496 sayfa
336 _ametin
_btxt
_2rdacontent
337 _aaracısız
_bn
_2rdamedia
338 _acilt
_bnc
_2rdacarrier
650 0 _aEnglish language--Dictionaries--Turkish.
_93195
650 0 _aTurizm--Sözlükler--İngilizce.
_93455
650 0 _aTurkish language--Dictionaries--English.
_93196
650 0 _aTourism--Dictionaries.
_93456
907 _aSözlük
942 _2lcc
_cBK
999 _c887
_d887